[Event "ICC 8 0 09/23/97, Internet Che"]
[Site "ICC 8 0 09/23/97, Internet Ch"]
[Date "1997.??.??"]
[Round "?"]
[White "Brause"]
[Black "falcon"]
[Result "1-0"]
[WhiteElo "2560"]
[BlackElo "2135"]
[PlyCount "72"]

1. e4 e6 2. d4 d5 3. c4 dxc4 4. Bxc4 Bb4+ 5. Nc3 Bd7 6. Nge2 c5 7. a3 Bxc3+ 8.
Nxc3 cxd4 9. Qxd4 Nf6 10. O-O Nc6 11. Qd6 Qe7 12. Bf4 Qxd6 13. Bxd6 O-O-O 14.
Rad1 Ne8 15. Bc5 b6 16. Be3 Kb7 17. b4 Ne5 18. Be2 Nc7 19. b5 Bc8 20. Bd4 f6
21. f4 Nf7 22. e5 f5 23. Rf3 g5 24. fxg5 Nxg5 25. Rg3 h6 26. h4 Nf7 27. Rg7
Rdf8 28. Bh5 Nd8 29. Re7 Rhg8 30. Ne4 Kb8 31. Nf6 Rg3 32. a4 Nb7 33. Bf3 Na5
34. Bf2 Rg6 35. Rdd7 Bxd7 36. Nxd7+ Kc8 1-0

[Event "ICC 8 0 09/23/97, Internet Che"]
[Site "ICC 8 0 09/23/97, Internet Ch"]
[Date "1997.??.??"]
[Round "?"]
[White "Brause"]
[Black "falcon"]
[Result "1-0"]
[WhiteElo "2535"]
[BlackElo "2155"]
[PlyCount "54"]

1. e4 e6 2. d4 d5 3. c4 Bb4+ 4. Nc3 Bxc3+ 5. bxc3 dxe4 6. Qg4 Nf6 7. Qxg7 Rg8
8. Qh6 Rg6 9. Qe3 b6 10. Ne2 Bb7 11. Nf4 Rg8 12. Be2 Nbd7 13. Ba3 c5 14. O-O
Qe7 15. Rad1 e5 16. Nh5 Ng4 17. Qh3 e3 18. Bxg4 f5 19. Bf3 e2 20. Bxb7 exf1=Q+
21. Rxf1 Rb8 22. Bd5 Rg5 23. dxe5 Kd8 24. f4 Rg4 25. Ng3 Rh4 26. Nxf5 Rxh3 27.
Nxe7 Kxe7 1-0

[Event "ICC 2 12 09/25/97, Internet Ch"]
[Site "ICC 2 12 09/25/97, Internet C"]
[Date "1997.??.??"]
[Round "?"]
[White "Brause"]
[Black "princessPaula"]
[Result "1-0"]
[WhiteElo "2530"]
[BlackElo "2140"]
[PlyCount "63"]

1. e4 e6 2. d4 d5 3. c4 dxe4 4. Nc3 e5 5. d5 f5 6. f3 Bc5 7. fxe4 Bxg1 8. Rxg1
Qh4+ 9. g3 Qxh2 10. Rg2 Qh1 11. Nb5 Na6 12. d6 c6 13. d7+ Bxd7 14. Nd6+ Kf8
15.
Nxb7 Nf6 16. Bg5 Nb8 17. Nc5 Ke7 18. Qf3 h6 19. Bxf6+ gxf6 20. exf5 Rc8 21.
O-O-O Be8 22. Qd3 Qh5 23. Qd6+ Kf7 24. Qe6+ Kg7 25. Qxc8 Qf7 26. Ne6+ Kh7 27.
Rd8 Qd7 28. Nf8+ Kg7 29. Nxd7 Nxd7 30. Qxa8 c5 31. Rxe8 Nb6 32. Re7# 1-0

[Event "ICC 5 5 09/25/97, Internet Che"]
[Site "ICC 5 5 09/25/97, Internet Ch"]
[Date "1997.??.??"]
[Round "?"]
[White "Brause"]
[Black "IDOTWO"]
[Result "1-0"]
[WhiteElo "2520"]
[BlackElo "2260"]
[PlyCount "35"]

1. e4 e6 2. d4 d5 3. c4 dxe4 4. Nc3 Nf6 5. f3 exf3 6. Nxf3 Be7 7. Bd3 O-O 8.
O-O c5 9. d5 exd5 10. cxd5 Nbd7 11. d6 Bxd6 12. Bxh7+ Kxh7 13. Qxd6 b6 14. Bf4
Bb7 15. Ng5+ Kg8 16. Rad1 Re8 17. Rf2 Qe7 18. Nb5 1-0

[Event "ICC 2 12 09/27/97, Internet Ch"]
[Site "ICC 2 12 09/27/97, Internet C"]
[Date "1997.??.??"]
[Round "?"]
[White "Brause"]
[Black "expertNOT"]
[Result "1-0"]
[WhiteElo "2360"]
[BlackElo "2115"]
[PlyCount "39"]

1. e4 e6 2. d4 d5 3. c4 dxe4 4. Nc3 Nf6 5. f3 exf3 6. Nxf3 Bb4 7. Bg5 Bxc3+ 8.
bxc3 h6 9. Bxf6 Qxf6 10. Bd3 Nd7 11. O-O Qe7 12. Qe2 O-O 13. Rad1 Re8 14. Rd2
Nf6 15. Ne5 c5 16. Qf3 Rf8 17. Qg3 Nd7 18. Rdf2 Nxe5 19. Qxe5 b6 20. Qe4 1-0

[Event "ICC 2 12 09/29/97, Internet Ch"]
[Site "ICC 2 12 09/29/97, Internet C"]
[Date "1997.??.??"]
[Round "?"]
[White "Brause"]
[Black "igor"]
[Result "1/2-1/2"]
[WhiteElo "2375"]
[BlackElo "2370"]
[PlyCount "115"]

1. e4 e6 2. d4 d5 3. c4 dxe4 4. Nc3 Nf6 5. f3 Bb4 6. Qa4+ Nc6 7. Be3 O-O 8.
O-O-O Bxc3 9. bxc3 Bd7 10. Qc2 exf3 11. Nxf3 Ne7 12. Bg5 Ng6 13. Bd3 h6 14.
Bxf6 Qxf6 15. Bxg6 Qxg6 16. Qxg6 fxg6 17. Ne5 Ba4 18. Rdf1 g5 19. Kd2 Rxf1 20.
Rxf1 Rf8 21. Rb1 b6 22. Ke3 Kh7 23. c5 Bc2 24. Rb2 Bg6 25. c6 Rf1 26. Re2 h5
27. h3 h4 28. Nf3 Kh6 29. Ne5 Bh5 30. Rf2 Rxf2 31. Kxf2 g6 32. Nf7+ Kg7 33.
Nxg5 Kf6 34. Ne4+ Ke7 35. Ke1 b5 36. Kd2 g5 37. Nxg5 Be8 38. Nf3 Bxc6 39. Ke3
Bxf3 40. Kxf3 a5 41. Kg4 e5 42. dxe5 c5 43. Kf3 b4 44. Ke2 a4 45. cxb4 cxb4
46.
Kd3 Ke6 47. Kc4 b3 48. axb3 axb3 49. Kxb3 Kxe5 50. Kc3 Kf4 51. Kd3 Kg3 52. Ke2
Kxg2 53. Ke1 Kxh3 54. Kf2 Kg4 55. Kg2 h3+ 56. Kh2 Kg5 57. Kg3 h2 58. Kxh2
1/2-1/2

[Event "ICC 2 12 09/29/97, Internet Ch"]
[Site "ICC 2 12 09/29/97, Internet C"]
[Date "1997.??.??"]
[Round "?"]
[White "Brause"]
[Black "Wind-Walker"]
[Result "1-0"]
[WhiteElo "2315"]
[BlackElo "1920"]
[PlyCount "63"]

1. e4 e6 2. d4 d5 3. c4 Bb4+ 4. Nc3 Bxc3+ 5. bxc3 dxe4 6. Qg4 g6 7. Qxe4 Nf6
8.
Qh4 Nbd7 9. Nf3 b6 10. Bg5 Bb7 11. Ne5 Nxe5 12. Bxf6 Qd7 13. Bxh8 Nxc4 14.
Bxc4
c5 15. Qxh7 O-O-O 16. Bf6 Re8 17. f3 Bd5 18. Ba6+ Bb7 19. Bxb7+ Kxb7 20. dxc5
Qd3 21. Qxf7+ Ka6 22. Qxe8 Qe3+ 23. Kf1 Qd3+ 24. Kf2 Qd2+ 25. Kg3 g5 26. Qa4+
Kb7 27. c6+ Kb8 28. Be5+ Ka8 29. Qa6 Qf4+ 30. Bxf4 gxf4+ 31. Kh4 b5 32. Qb7#
1-0

[Event "ICC 2 12 09/30/97, Internet Ch"]
[Site "ICC 2 12 09/30/97, Internet C"]
[Date "1997.??.??"]
[Round "?"]
[White "Brause"]
[Black "igor"]
[Result "1-0"]
[WhiteElo "2355"]
[BlackElo "2375"]
[PlyCount "45"]

1. e4 e6 2. d4 d5 3. c4 dxe4 4. Nc3 Nf6 5. f3 Nc6 6. Be3 e5 7. d5 Ne7 8. fxe4
Ng6 9. Nf3 Ng4 10. Bg1 f5 11. exf5 Bxf5 12. h3 Nf6 13. Qb3 Be7 14. O-O-O O-O
15. Qxb7 Ne4 16. Nxe4 Bxe4 17. Nd2 Bg5 18. Bc5 Rf7 19. Qb3 Rb8 20. Qc3 Qd7 21.
Be3 Bxe3 22. Qxe3 Rf4 23. Nxe4 1-0

[Event "ICC 2 12 09/30/97, Internet Ch"]
[Site "ICC 2 12 09/30/97, Internet C"]
[Date "1997.??.??"]
[Round "?"]
[White "Brause"]
[Black "expertNOT"]
[Result "1-0"]
[WhiteElo "2370"]
[BlackElo "2090"]
[PlyCount "59"]

1. e4 e6 2. d4 d5 3. c4 dxe4 4. Nc3 Nf6 5. f3 exf3 6. Nxf3 Bb4 7. Be2 O-O 8.
O-O c5 9. Bf4 cxd4 10. Nb5 Na6 11. a3 Be7 12. Nfxd4 Bc5 13. b4 Bxd4+ 14. Qxd4
Qxd4+ 15. Nxd4 Bd7 16. Bf3 Rad8 17. b5 Nc5 18. Bd6 Nd3 19. Bxf8 Kxf8 20. Bxb7
Ne5 21. Rac1 Bc8 22. Nc6 Bxb7 23. Nxd8 Ba8 24. Rcd1 Ke7 25. Rd4 Nfd7 26. Nxf7
Nxf7 27. Rxf7+ Kxf7 28. Rxd7+ Kf6 29. Rxa7 Be4 30. b6 1-0

[Event "ICC 2 12 10/01/97, Internet Ch"]
[Site "ICC 2 12 10/01/97, Internet C"]
[Date "1997.??.??"]
[Round "?"]
[White "Brause"]
[Black "HardRochade"]
[Result "1-0"]
[WhiteElo "2440"]
[BlackElo "1900"]
[PlyCount "109"]

1. e4 e6 2. d4 d5 3. c4 dxe4 4. Nc3 f5 5. Be2 Nc6 6. Be3 e5 7. dxe5 Nxe5 8.
Qxd8+ Kxd8 9. f3 Nf6 10. O-O-O+ Bd7 11. fxe4 Nxe4 12. Nxe4 fxe4 13. Nh3 Kc8
14.
Ng5 Bc6 15. Rhf1 Bd6 16. c5 Be7 17. Nf7 Nxf7 18. Rxf7 Bd8 19. Bg4+ Kb8 20.
Rxg7
a5 21. Bd7 Ra6 22. Bf5 Bf6 23. Rxh7 Rxh7 24. Bxh7 Be5 25. Rd8+ Ka7 26. Rg8
Bxh2
27. g3 a4 28. Kc2 Ra5 29. Rg7 Ra6 30. Bg8 Ra5 31. Kc3 Kb8 32. Bc4 Ra8 33. Kb4
Ka7 34. Bb5 Bxb5 35. Kxb5 c6+ 36. Kxa4 Rd8 37. Kb4 Rd3 38. Bf4 Ka6 39. a3 Bg1
40. Re7 Rd4+ 41. Kc3 Bf2 42. g4 Ra4 43. Bd6 e3 44. Re8 Kb5 45. g5 Rc4+ 46. Kd3
Rg4 47. Re7 Ka6 48. Re5 Rg1 49. Ke2 Rb1 50. b4 Ra1 51. g6 Rg1 52. Re6 Kb5 53.
Bh2 Rg2 54. Be5 Bg3+ 55. Kf3 1-0

[Event "ICC 5 3 09/12/97, Internet Che"]
[Site "ICC 5 3 09/12/97, Internet Ch"]
[Date "1997.??.??"]
[Round "?"]
[White "Brause"]
[Black "MeWithMyself"]
[Result "1-0"]
[WhiteElo "2525"]
[BlackElo "2120"]
[PlyCount "29"]

1. e4 e6 2. d4 d5 3. c4 dxe4 4. Nc3 Bb4 5. f3 exf3 6. Nxf3 Nf6 7. Bg5 h6 8.
Bxf6 Qxf6 9. Bd3 c5 10. O-O cxd4 11. Nb5 Na6 12. Qe2 O-O 13. Qe4 g6 14. Nfxd4
Nc5 15. Rxf6 1-0

[Event "ICC 2 12 10/02/97, Internet Ch"]
[Site "ICC 2 12 10/02/97, Internet C"]
[Date "1997.??.??"]
[Round "?"]
[White "Brause"]
[Black "Tb7"]
[Result "1-0"]
[WhiteElo "2460"]
[BlackElo "1945"]
[PlyCount "107"]

1. e4 e6 2. d4 d5 3. c4 Bb4+ 4. Nc3 dxe4 5. f3 exf3 6. Nxf3 Nf6 7. Bg5 Bxc3+
8.
bxc3 h6 9. Bd2 O-O 10. Bd3 c5 11. O-O Nc6 12. Be3 cxd4 13. cxd4 b6 14. Qd2 Ng4
15. Rae1 Nxe3 16. Qxe3 Bb7 17. Qe4 g6 18. Re3 Na5 19. Qf4 Kg7 20. Nd2 Qg5 21.
Qxg5 hxg5 22. Be2 Rad8 23. Rd3 Nc6 24. Nb3 Nb4 25. Rd2 Nc6 26. Bf3 Na5 27.
Nxa5
Bxf3 28. Rxf3 bxa5 29. Ra3 e5 30. d5 Rc8 31. Rxa5 Rxc4 32. Rxa7 Rd8 33. g3 Rc5
34. Rf2 Rf8 35. d6 Rd5 36. Re7 Kg8 37. a4 Rxd6 38. Rxe5 f5 39. g4 Ra6 40. gxf5
gxf5 41. Rexf5 Rxf5 42. Rxf5 Rxa4 43. Rxg5+ Kh7 44. Kf2 Kh6 45. Rg8 Ra7 46.
Kf3
Rf7+ 47. Ke4 Kh5 48. Rg2 Kh4 49. Rg6 Rh7 50. Rf6 Kh3 51. Rf2 Re7+ 52. Kd5 Rg7
53. Rc2 Rg2 54. Rxg2 1-0

[Event "ICC 2 12 10/03/97, Internet Ch"]
[Site "ICC 2 12 10/03/97, Internet C"]
[Date "1997.??.??"]
[Round "?"]
[White "Brause"]
[Black "MeWithMyself"]
[Result "1-0"]
[WhiteElo "2415"]
[BlackElo "2215"]
[PlyCount "33"]

1. e4 e6 2. d4 d5 3. c4 dxe4 4. Nc3 Nf6 5. f3 Bb4 6. Qa4+ Nc6 7. Be3 O-O 8.
O-O-O Bxc3 9. bxc3 Bd7 10. Qc2 exf3 11. Nxf3 Qe7 12. c5 Nd5 13. Bg5 f6 14. Bd2
e5 15. Bc4 Be6 16. Rhe1 exd4 17. Bxd5 1-0

[Event "ICC 5 0 10/03/97, Internet Che"]
[Site "ICC 5 0 10/03/97, Internet Ch"]
[Date "1997.??.??"]
[Round "?"]
[White "Brause"]
[Black "MeWithMyself"]
[Result "1-0"]
[WhiteElo "2430"]
[BlackElo "2200"]
[PlyCount "52"]

1. e4 e6 2. d4 d5 3. c4 dxe4 4. Nc3 Nf6 5. f3 Bb4 6. Qa4+ Nc6 7. Be3 exf3 8.
Nxf3 Ne4 9. Qc2 f5 10. Bd3 Bxc3+ 11. bxc3 Nf6 12. O-O O-O 13. c5 h6 14. Rae1
Nd5 15. Bd2 Qf6 16. Bc4 Bd7 17. Bxd5 exd5 18. Qb3 Qf7 19. Qxb7 Rfc8 20. Ne5
Nxe5 21. Rxe5 c6 22. Rfe1 Re8 23. Rxe8+ Rxe8 24. Qxa7 Rxe1+ 25. Bxe1 Qe6 26.
Kf2 Qe4 1-0

[Event "ICC 2 12 10/06/97, Internet Ch"]
[Site "ICC 2 12 10/06/97, Internet C"]
[Date "1997.??.??"]
[Round "?"]
[White "Brause"]
[Black "Qzzq"]
[Result "1-0"]
[WhiteElo "2495"]
[BlackElo "2120"]
[PlyCount "53"]

1. e4 e6 2. d4 d5 3. c4 dxe4 4. Nc3 f5 5. f3 exf3 6. Nxf3 Nf6 7. Bg5 Be7 8.
Qa4+ c6 9. Bd3 O-O 10. O-O-O Nbd7 11. Rhf1 a5 12. c5 Nd5 13. Bd2 N7f6 14. Rfe1
Bd7 15. Nxd5 cxd5 16. Bb5 Ne4 17. Bxd7 b5 18. Bxe6+ Kh8 19. Qb3 Nf2 20. Qxd5
Nxd1 21. Qxd8 Bxd8 22. Kxd1 b4 23. Bxf5 Bf6 24. Be6 Rfd8 25. c6 Rd6 26. c7 Rc6
27. Bd5 1-0

[Event "ICC 2 12 10/06/97, Internet Ch"]
[Site "ICC 2 12 10/06/97, Internet C"]
[Date "1997.??.??"]
[Round "?"]
[White "Brause"]
[Black "cuclillo"]
[Result "0-1"]
[WhiteElo "2510"]
[BlackElo "2060"]
[PlyCount "147"]

1. e4 e6 2. d4 d5 3. c4 dxe4 4. Nc3 Nf6 5. f3 e3 6. Bxe3 c5 7. Qd3 Nc6 8. dxc5
Qa5 9. O-O-O Bxc5 10. Bxc5 Qxc5 11. Qd6 Qxd6 12. Rxd6 Ke7 13. Rd3 Nb4 14. Re3
Bd7 15. a3 Nc6 16. Ne4 Nxe4 17. fxe4 Ne5 18. b3 a5 19. a4 Bc6 20. Nh3 Rad8 21.
Be2 Rd4 22. Nf2 Rhd8 23. Rd1 Rxd1+ 24. Nxd1 Nd7 25. Kc2 Nc5 26. Nf2 f6 27. Bf3
b6 28. Nd1 Rd4 29. Nc3 Rd7 30. h3 Rd8 31. g3 Na6 32. g4 Nc5 33. Ne2 Na6 34.
Kc3
Nb4 35. Nc1 Na6 36. Nd3 Nc5 37. Kc2 Nxd3 38. Rxd3 Rxd3 39. Kxd3 Kd6 40. Ke3
Kc5
41. Bd1 e5 42. Kd3 Kb4 43. Bc2 Bd7 44. Kd2 h5 45. Bd1 Be6 46. Kc2 Bd7 47. gxh5
Bxh3 48. Kd3 Bg2 49. Bc2 Bf3 50. Ke3 Bxh5 51. Kd3 Kc5 52. Ke3 Bg6 53. Bd3 Bh7
54. Bc2 g6 55. Bd1 Kb4 56. Kd2 f5 57. Kd3 Bg8 58. exf5 gxf5 59. Bc2 Bf7 60.
Kd2
Bg6 61. Ke1 Kc3 62. Bd1 f4 63. Bf3 Kxb3 64. Bc6 Kxc4 65. Kf2 Kb4 66. Kf3 Bc2
67. Bb7 Bxa4 68. Ke4 Kc5 69. Kxe5 Bc6 70. Kxf4 Bxb7 71. Ke3 Kc4 72. Kd2 b5 73.
Kc1 b4 74. Kc2 0-1

[Event "ICC 5 3 09/11/97, Internet Che"]
[Site "ICC 5 3 09/11/97, Internet Ch"]
[Date "1997.??.??"]
[Round "?"]
[White "Brause"]
[Black "BigOleg"]
[Result "1-0"]
[WhiteElo "2510"]
[BlackElo "2310"]
[PlyCount "89"]

1. e4 e6 2. d4 d5 3. c4 dxe4 4. Nc3 Nf6 5. f3 exf3 6. Nxf3 Be7 7. Bd3 O-O 8.
O-O c5 9. d5 exd5 10. cxd5 Bg4 11. Qb3 Qb6 12. Qxb6 axb6 13. Ne5 Nbd7 14. Nxg4
Nxg4 15. Bf5 Nge5 16. Re1 Bh4 17. Re2 g6 18. Bh3 f5 19. Bf4 Rae8 20. Bh6 Rf7
21. Re3 Rfe7 22. Rd1 Nc4 23. Rxe7 Rxe7 24. b3 Bf6 25. d6 Re8 26. Nd5 Bd4+ 27.
Rxd4 cxd4 28. bxc4 Re2 29. Ne7+ Kf7 30. Nxf5 gxf5 31. Bxf5 Nf6 32. d7 Nxd7 33.
Bxd7 d3 34. Kf1 Rxa2 35. Bf5 d2 36. Ke2 d1=Q+ 37. Kxd1 Rxg2 38. h3 Rh2 39. Be3
Kf6 40. Bc8 Ke5 41. Bxb6 Ke4 42. Bxb7+ Kd3 43. c5 Rxh3 44. Ba6+ Ke4 45. c6 1-0

[Event "ICC 2 12 10/07/97, Internet Ch"]
[Site "ICC 2 12 10/07/97, Internet C"]
[Date "1997.??.??"]
[Round "?"]
[White "Brause"]
[Black "TheRunner"]
[Result "1-0"]
[WhiteElo "2490"]
[BlackElo "2035"]
[PlyCount "67"]

1. e4 e6 2. d4 d5 3. c4 c6 4. cxd5 cxd5 5. e5 Nc6 6. Nf3 Bd7 7. Be2 Rc8 8. O-O
f6 9. Nc3 Be7 10. Be3 f5 11. Qd2 g6 12. Ng5 Kf8 13. Rac1 a6 14. Rfe1 h5 15. f4
Nh6 16. Bf2 Ng4 17. Bh4 b5 18. a3 Qb6 19. Bxg4 hxg4 20. Bf2 Kg7 21. Rc2 Na5
22.
Qc1 Rc4 23. Qe3 Rcc8 24. Qg3 Rh5 25. Qd3 Rch8 26. Bg3 Nc6 27. Ne2 b4 28. Rec1
Bd8 29. Nxe6+ Kf7 30. Nc5 Bc8 31. Na4 Qa5 32. Rxc6 Bd7 33. e6+ Bxe6 34. Rxa6
1-0

[Event "ICC 2 12 10/07/97, Internet Ch"]
[Site "ICC 2 12 10/07/97, Internet C"]
[Date "1997.??.??"]
[Round "?"]
[White "Brause"]
[Black "Gurz"]
[Result "0-1"]
[WhiteElo "2390"]
[BlackElo "2030"]
[PlyCount "135"]

1. e4 e6 2. d4 d5 3. c4 dxe4 4. Nc3 Nf6 5. f3 exf3 6. Nxf3 c5 7. d5 Bd6 8. Be2
O-O 9. O-O exd5 10. cxd5 h6 11. Qb3 a6 12. Qa4 Nbd7 13. Rd1 b5 14. Qc2 Bb7 15.
Qf5 Re8 16. Kf1 Ne5 17. h3 Nxf3 18. Bxf3 Bc8 19. Qd3 b4 20. Ne2 Bd7 21. Qc2
Bb5
22. a4 bxa3 23. Rxa3 Ra7 24. Re3 Rae7 25. Rxe7 Qxe7 26. Kf2 Ne4+ 27. Bxe4 Qxe4
28. Qxe4 Rxe4 29. Nc3 Re5 30. g4 g5 31. Bd2 Bc4 32. Re1 Rxe1 33. Bxe1 Be5 34.
Ke3 Bxc3 35. Bxc3 Bxd5 36. Bf6 Kh7 37. Be7 c4 38. h4 gxh4 39. Bxh4 Kg6 40. Kf4
f6 41. Bf2 Be6 42. Bc5 a5 43. Bg1 a4 44. Bd4 f5 45. Ke5 Bc8 46. gxf5+ Bxf5 47.
Kd5 Bd3 48. Kc5 h5 49. Kb4 h4 50. Kxa4 Kf5 51. Bg1 Bc2+ 52. Kb5 Bb3 53. Bh2
Kg4
54. Be5 Kf3 55. Kc5 h3 56. Bh2 Kg2 57. Be5 h2 58. Bxh2 Kxh2 59. Kd4 Kg2 60.
Ke3
Kf1 61. Kd2 Kf2 62. Kc1 Ke2 63. Kb1 Kd3 64. Kc1 Ba2 65. Kd1 Bb1 66. Kc1 Bc2
67.
b4 cxb3 68. Kb2 0-1

[Event "ICC 2 12 10/08/97, Internet Ch"]
[Site "ICC 2 12 10/08/97, Internet C"]
[Date "1997.??.??"]
[Round "?"]
[White "Brause"]
[Black "Mus"]
[Result "1-0"]
[WhiteElo "2395"]
[BlackElo "2145"]
[PlyCount "61"]

1. e4 e6 2. d4 d5 3. c4 dxe4 4. Nc3 f5 5. f3 exf3 6. Nxf3 Nf6 7. Bg5 Be7 8.
Qd3
O-O 9. O-O-O c5 10. d5 exd5 11. Nxd5 Nxd5 12. Qxd5+ Qxd5 13. cxd5 Bd6 14. Bc4
Nd7 15. Be7 Bf4+ 16. Kc2 Nb6 17. Bxf8 Kxf8 18. Kd3 Bd7 19. Rhe1 Nxc4 20. Kxc4
Bd6 21. Ne5 b5+ 22. Kb3 Be8 23. Kc3 g6 24. g3 a6 25. b3 Rc8 26. Re2 Kg7 27.
Kd3
Kf6 28. Ng4+ Kg7 29. Ne3 Bd7 30. Rde1 Kf7 31. Rc1 1-0

[Event "ICC 2 12 10/06/97, Internet Ch"]
[Site "ICC 2 12 10/06/97, Internet C"]
[Date "1997.??.??"]
[Round "?"]
[White "Brause"]
[Black "BigOleg"]
[Result "0-1"]
[WhiteElo "2505"]
[BlackElo "2355"]
[PlyCount "141"]

1. e4 e6 2. d4 d5 3. c4 dxe4 4. Nc3 Nf6 5. f3 c5 6. d5 exd5 7. cxd5 Bd6 8.
fxe4
O-O 9. Nf3 Re8 10. Bd3 c4 11. Bc2 b5 12. Qd4 Nbd7 13. Nxb5 Bc5 14. Qxc4 Ba6
15.
a4 Rc8 16. Kf1 Bb6 17. Qe2 Nxd5 18. Bb3 N5f6 19. Bxf7+ Kxf7 20. Nd6+ Kf8 21.
Qxa6 Nc5 22. Qc4 Qxd6 23. Qd4 Qxd4 24. Nxd4 Ncxe4 25. Ne2 Nf2 26. a5 Bc5 27.
Rg1 Nd3 28. Rh1 Ng4 29. g3 Ndf2 30. Ra4 h5 31. Rf4+ Kg8 32. h3 Nxh1 33. hxg4
Rf8 34. gxh5 a6 35. Kg2 Nf2 36. b4 Rxf4 37. Bxf4 Ba7 38. Kf3 Nd3 39. Bd6 Bb8
40. Be7 Kf7 41. Ke3 Kxe7 42. Kxd3 Bd6 43. b5 axb5 44. Nd4 b4 45. g4 Kf6 46.
Ke4
Be5 47. g5+ Kxg5 48. Kxe5 Rc5+ 49. Ke4 Rxa5 50. Kd3 Kxh5 51. Kc4 g5 52. Kxb4
Re5 53. Nf3 Re3 54. Nd2 g4 55. Kc4 g3 56. Nf1 Rf3 57. Nxg3+ Rxg3 58. Kd5 Rg4
59. Ke6 Rg5 60. Kd6 Kg4 61. Ke6 Kf4 62. Kd6 Re5 63. Kc6 Ke4 64. Kd6 Kd4 65.
Kc7
Kc5 66. Kd7 Re4 67. Kc7 Re7+ 68. Kd8 Kd6 69. Kc8 Kc6 70. Kb8 Rc7 71. Ka8 0-1

[Event "ICC 2 12 10/09/97, Internet Ch"]
[Site "ICC 2 12 10/09/97, Internet C"]
[Date "1997.??.??"]
[Round "?"]
[White "Brause"]
[Black "grand-duke"]
[Result "1-0"]
[WhiteElo "2525"]
[BlackElo "1935"]
[PlyCount "93"]

1. e4 e6 2. d4 d5 3. c4 dxe4 4. Nc3 Nf6 5. f3 c5 6. d5 exd5 7. cxd5 exf3 8.
Nxf3 Bd6 9. Bb5+ Bd7 10. Qe2+ Qe7 11. Qxe7+ Bxe7 12. Bxd7+ Nbxd7 13. Bf4 Nh5
14. Bc7 Rc8 15. Nb5 a6 16. Nd6+ Bxd6 17. Bxd6 Nhf6 18. O-O h6 19. Rae1+ Kd8
20.
Ne5 Nxe5 21. Bxe5 Re8 22. Bxf6+ gxf6 23. Rxe8+ Kxe8 24. Rxf6 Rd8 25. Rxh6 Rxd5
26. Rb6 Rd7 27. h4 Kf8 28. h5 Kg7 29. Kf2 Re7 30. h6+ Kh7 31. g4 Re6 32. Rxe6
fxe6 33. g5 b5 34. Ke3 a5 35. Ke4 a4 36. b3 axb3 37. axb3 Kg6 38. Ke5 Kf7 39.
h7 Kg7 40. g6 c4 41. b4 c3 42. Kxe6 c2 43. h8=Q+ Kxh8 44. Kf7 c1=Q 45. g7+ Kh7
46. g8=Q+ Kh6 47. Qg6# 1-0

[Event "ICC 2 12 10/10/97, Internet Ch"]
[Site "ICC 2 12 10/10/97, Internet C"]
[Date "1997.??.??"]
[Round "?"]
[White "Brause"]
[Black "Qzzq"]
[Result "1-0"]
[WhiteElo "2520"]
[BlackElo "2160"]
[PlyCount "45"]

1. e4 e6 2. d4 d5 3. c4 dxe4 4. Nc3 f5 5. Be2 Nf6 6. Bg5 c6 7. Nh3 Be7 8. Bh5+
g6 9. Be2 Na6 10. O-O Nc7 11. a4 h6 12. Bf4 O-O 13. Bxh6 Rf7 14. Ng5 Rh7 15.
Nxh7 Kxh7 16. Qd2 Nce8 17. Qe3 Ng8 18. Bf4 Nef6 19. Be5 Nh6 20. Rad1 Qf8 21.
Bf4 Bd7 22. f3 Qf7 23. Bxh6 1-0

[Event "ICC 2 12 10/10/97, Internet Ch"]
[Site "ICC 2 12 10/10/97, Internet C"]
[Date "1997.??.??"]
[Round "?"]
[White "Brause"]
[Black "Tb7"]
[Result "1-0"]
[WhiteElo "2525"]
[BlackElo "1965"]
[PlyCount "25"]

1. e4 e6 2. d4 d5 3. c4 dxe4 4. Nc3 c5 5. d5 exd5 6. cxd5 Nf6 7. Bg5 Be7 8.
Bb5+ Bd7 9. d6 Bxb5 10. dxe7 Qxd1+ 11. Rxd1 Bd7 12. Bxf6 gxf6 13. Nd5 1-0

[Event "gics rated blitz game, gics, K"]
[Site "gics rated blitz game, gics, "]
[Date "1997.??.??"]
[Round "?"]
[White "Brause"]
[Black "BigBang"]
[Result "1-0"]
[WhiteElo "2345"]
[BlackElo "2035"]
[PlyCount "144"]

1. e4 e6 2. d4 d5 3. c4 dxe4 4. Nc3 Nf6 5. f3 Bb4 6. Qa4+ Nc6 7. Be3 O-O 8.
O-O-O Bxc3 9. bxc3 Bd7 10. Qb3 Na5 11. Qa3 b6 12. Rd2 Bc6 13. Kd1 Re8 14. Bf4
Nh5 15. Be3 exf3 16. Nxf3 Bxf3+ 17. gxf3 Qf6 18. Rf2 Nf4 19. c5 e5 20. Rg1
Rad8
21. Rg4 Ne6 22. Bd2 exd4 23. cxd4 Nxd4 24. Qc3 Nac6 25. cxb6 cxb6 26. Bd3 b5
27. Bg5 Qe6 28. Bxd8 Rxd8 29. Rfg2 g6 30. Rf4 b4 31. Qe1 Qd6 32. Re4 Ne6 33.
Rd2 Qc5 34. h4 a5 35. Rc4 Qb6 36. Rc1 Ncd4 37. Qe3 a4 38. h5 b3 39. hxg6 hxg6
40. Rb1 bxa2 41. Rxb6 a1=Q+ 42. Bb1 Nb3 43. Rxd8+ Nxd8 44. Qe4 Qc3 45. Qe8+
Kg7
46. Qxd8 Qc1+ 47. Ke2 Qxb1 48. Qf6+ Kh6 49. Kf2 Qc2+ 50. Kg3 Qc7+ 51. f4 Kh7
52. Rc6 Qd7 53. Rd6 Qf5 54. Qxf5 gxf5 55. Ra6 Nc5 56. Ra5 Ne4+ 57. Kf3 Kg6 58.
Rxa4 Nd2+ 59. Ke3 Ne4 60. Ra6+ f6 61. Ra7 Nc3 62. Rd7 Ne4 63. Kd4 Ng3 64. Re7
Ne4 65. Rc7 Ng3 66. Rc2 Ne4 67. Kd5 Kf7 68. Rc7+ Kg6 69. Ke6 Ng3 70. Rc2 Ne4
71. Rg2+ Ng5+ 72. Ke7 Kg7 1-0

[Event "ICC 2 12 10/10/97, Internet Ch"]
[Site "ICC 2 12 10/10/97, Internet C"]
[Date "1997.??.??"]
[Round "?"]
[White "Brause"]
[Black "Qzzq"]
[Result "1/2-1/2"]
[WhiteElo "2525"]
[BlackElo "2160"]
[PlyCount "322"]

1. e4 e6 2. d4 d5 3. c4 dxe4 4. Nc3 f5 5. Be2 Nf6 6. Bg5 Be7 7. Qd2 O-O 8. Nh3
c6 9. O-O Bd7 10. Bf4 Be8 11. Ng5 Bf7 12. f3 Nbd7 13. fxe4 fxe4 14. Ncxe4 Nxe4
15. Nxe4 Bg6 16. Nd6 Nf6 17. Nxb7 Qb6 18. Nd6 Bxd6 19. Bxd6 Ne4 20. Rxf8+ Rxf8
21. c5 Qb7 22. Qe3 Qxb2 23. Re1 Nxd6 24. cxd6 Qxa2 25. Bf3 Rd8 26. Qe5 Qd2 27.
Ra1 a5 28. h4 Qb4 29. Rxa5 Qxd6 30. Ra8 Qe7 31. Rxd8+ Qxd8 32. Bxc6 Kf7 33. d5
Qb6+ 34. Kh2 Bf5 35. h5 Qd8 36. Qf4 g5 37. hxg6+ hxg6 38. d6 Qh8+ 39. Kg3 Qc3+
40. Bf3 e5 41. Qg5 e4 42. d7 Qe1+ 43. Kh2 Bxd7 44. Qd5+ Be6 45. Qxe4 Qxe4 46.
Bxe4 g5 47. Kg3 Kf6 48. Kf3 Ke5 49. Ke3 Bg4 50. Bc6 Bf5 51. Bf3 Be6 52. g3 Bf5
53. Bg2 Be6 54. Bc6 Bg4 55. Be4 Be6 56. Bd3 Bg4 57. Bc4 Bf5 58. Bb5 Bg4 59.
Bc6
Bf5 60. Bf3 Be6 61. Bb7 Bg4 62. Ba6 Bf5 63. Be2 Be6 64. Bh5 Bf5 65. Bd1 Be6
66.
Bc2 g4 67. Be4 Bc8 68. Bg2 Bf5 69. Bc6 Be6 70. Bb7 Bf5 71. Ba6 Bd7 72. Bd3 Be6
73. Bc2 Bc8 74. Be4 Be6 75. Bd3 Bd5 76. Bb5 Be6 77. Bc6 Bc8 78. Be8 Bf5 79.
Bf7
Bd7 80. Bc4 Bf5 81. Be2 Bc8 82. Bd1 Be6 83. Ba4 Bc8 84. Bb3 Bf5 85. Bc4 Bc8
86.
Bg8 Bf5 87. Bb3 Bc8 88. Bc2 Be6 89. Bg6 Bc8 90. Kd3 Be6 91. Bh7 Bc8 92. Kc4
Be6+ 93. Kc5 Bc8 94. Bc2 Be6 95. Bd3 Bf7 96. Bh7 Be6 97. Bc2 Bf7 98. Bd1 Be6
99. Kc6 Bd5+ 100. Kd7 Bf3 101. Bb3 Kd4 102. Ke6 Ke3 103. Kf5 Be2 104. Kg5 Kf3
105. Kh4 Ke4 106. Be6 Ke5 107. Bxg4 Bc4 108. Bf3 Kf6 109. g4 Kg7 110. g5 Bd3
111. Kg4 Bc2 112. Kf4 Ba4 113. Be4 Bb5 114. Ke5 Ba4 115. Kd4 Bb5 116. Bf5 Bc6
117. Ke5 Bb5 118. Bc2 Bc6 119. Kf4 Bb5 120. Bf5 Ba4 121. Ke3 Bb5 122. Kf3 Ba4
123. Bd3 Bc6+ 124. Kf4 Ba4 125. Kf5 Bc6 126. Ke6 Ba4 127. Kd6 Be8 128. Bf5 Bg6
129. Ke5 Bh5 130. Be4 Bd1 131. Ke6 Bg4+ 132. Kd6 Bh5 133. Kd5 Bg6 134. Ke5 Bh5
135. Kf4 Bd1 136. Ke3 Bh5 137. Bf5 Bd1 138. Kd4 Bh5 139. Ke5 Bd1 140. Bb1 Bh5
141. Kf4 Bd1 142. Kf5 Bh5 143. Ke5 Bd1 144. Bd3 Bh5 145. Kf4 Bd1 146. Bb5 Bc2
147. Bd7 Bd1 148. Bg4 Bc2 149. Be6 Bd1 150. Bc4 Bc2 151. Be2 Bg6 152. Bf3 Bc2
153. Bc6 Bd1 154. Be4 Bh5 155. Bc2 Be2 156. Ke3 Bh5 157. Be4 Bd1 158. Kf2 Bh5
159. Kg3 Bd1 160. g6 Bh5 161. Kf4 Bxg6 1/2-1/2

[Event "ICC 2 12 10/10/97, Internet Ch"]
[Site "ICC 2 12 10/10/97, Internet C"]
[Date "1997.??.??"]
[Round "?"]
[White "Brause"]
[Black "GCamara"]
[Result "1-0"]
[WhiteElo "2460"]
[BlackElo "2080"]
[PlyCount "41"]

1. e4 e6 2. d4 d5 3. c4 Bb4+ 4. Nc3 Nf6 5. exd5 exd5 6. Bg5 h6 7. Qa4+ Nc6 8.
cxd5 hxg5 9. dxc6 Bxc3+ 10. bxc3 O-O 11. Bc4 Re8+ 12. Ne2 b6 13. O-O Nd5 14.
Rfe1 Nf4 15. Qb3 Qf6 16. Nxf4 Rxe1+ 17. Rxe1 gxf4 18. Re8+ Kh7 19. Bxf7 a5 20.
Bh5 Bg4 21. Qg8+ 1-0